000 00768cam a22002533a 4500
001 15739
003 PGUSA
005 20140828083334.0
008 050430s2005||||xxu|||||s|||||000 | eng d
040 _aPGUSA
_beng
042 _adc
050 4 _aBT
100 1 _aGrotius, Hugo,
_d1583-1645
245 1 0 _aTraité de la Vérité de la Religion Chrétienne
_h[electronic resource] /
_cHugo Grotius
260 _bProject Gutenberg,
_c2005
506 _aPublic domain in the USA.
516 _aElectronic text
653 _aApologetics -- Early works to 1800
653 _aIndifferentism (Religion)
740 0 _aDe veritate religionis Christianae. French
830 0 _aProject Gutenberg
_v15739
856 4 0 _uhttp://www.gutenberg.org/ebooks/15739
942 _cEB
999 _c244994
_d244994